000 00448nam a22001697a 4500
005 20180201112024.0
008 160427b xxu||||| |||| 00| 0 eng d
020 _a81-7049119-3
041 _aeng
082 _b00440
_a004
100 _aVittal, N and Mahalingam, Dr. S
_94033
245 _aInformation Technology: Indias Tomorrow
260 _aNew Delhi
_bManas Publ.
_c2001
300 _a416
650 _aInformation Technology
_9137
942 _cBK
999 _c134
_d134